Quiz Ciné/Série par lettre - M - Statistiques

Statistiques générales
  • Ce quiz a été pris 111 fois
  • Le résultat moyen est 9 sur 20
Statistiques - réponses
Hint Réponse % Correct
Il forme un duo comique avec Olivier Baroux Kad Merad
70%
Fritz Lang en 1931 : M le ... Maudit
67%
Surnom de Tom Cruise dans Top Gun Maverick
67%
Criminel français interprété par Vincent Cassel Mesrine
59%
Troupe d'humoriste anglais à l'humour burlesque avec notamment Terry Jones et Terry Gilliam Monty Python
59%
Réalisatrice de "Polisse" Maïwenn
58%
Cofondateur du Studio Ghibli Hayao Miyazaki
57%
Compositeur célèbre, connu notamment pour les musiques dans les Westerns Enio Morricone
56%
Ellen Pompeo dans Grey's Anatomy Meredith
56%
Prénom du professeur McGonagall dans Harry Potter Minerva
50%
Tony Shalboub incarne un détective souffrant de trouble obsessionnel compulsif Monk
45%
Équivalent de la Palme à Venise Mostra
45%
L'un des antagonistes principal de Sherlock Holmes Moriarty
44%
Acteur iconique des années 60 vu dans « La Grande Évasion » ; il est également pilote automobile Steeve McQueen
35%
Film d'horreur cultissime de Tobe Hooper Massacre à la tronçonneuse
30%
Cité fortifié fictive de l'univers de Tolkien qu'on aperçoit dans "Le Retour du Roi" Minas Tirith
29%
On lui doit "La Ligne Rouge" ou encore "The Tree of Life" Terrence Malick
22%
Marcelo Rubini dans la Dolce Vita Marcelo Mastroianni
21%
Oscar du meilleur film 2017 Moonlight
17%
Actrice principale de The Handmaid’s Tale Elisabeth Moss
8%
Aucun quiz correspondant
Distribution des résultats
% des personnes avec chaque résultat
Percentile par nombre de réponses
Votre historique - résultats
Vous n’avez pas pris ce quiz